000 02283cam a22004694i 4500
003 PE-LiUPU
005 20250731173319.0
008 150625s r 000 0 d
020 _a8433020080
035 _a(Sirsi) i9788433020086
040 _aPE-LiUPU
_bspa
_cPE-LiUPU
_erda
049 _aPRUA
082 0 4 _a226.3
_bC28
_221
100 1 _aCastro Sánchez, Secundino,
_eautor.
245 1 3 _aEl sorprendente Jesús de Marcos :
_bel evangelio de Marcos por dentro /
_cSecundino Castro Sánchez.
264 1 _aMadrid :
_bComillas, Desclée de Brouwer,
_c2005.
300 _a502 páginas ;
_c21 centímetros
336 _atext
_2rdacontent
337 _aunmediated
_2rdamedia
338 _avolume
_2rdacarrier
490 0 _aBiblioteca de teología Comillas ;
_v15
504 _aBibliografía: p. [497]-502.
505 0 _aMarcos o la memoria de Jesús. -La sensación de lo nuevo. -La comunidad de Jesús. -¿De dónde eres tu?. -La dinámica del reino: Las parábolas. -Un endemoniado se vuelve predicador, e Israel, comienza a renacer. -Jesús alimenta a su nuevo puelo. -Hacia los gentiles. -La cena de los gentiles y crisis profunda en el corazón del discipulado. -La luz de la transfiguración ilumina el camino. -Exigencias radicales del seguimiento. -Jerusalén, la hostil. -Magisterio solemne en Jerusalén. -El reino de Dios se introduce en la historia. -Ungido para la pascua. -Grito de victoria: juicio y muerte de Cristo. -Jesús de Nazaret, el crucificado, ha resucitado.
526 _aSEG42
526 _aSEG41
526 _aSEG40
526 _aSEG39
526 _aP94
526 _aP87
526 _aP86
526 _aP85
526 _aP77
526 _aP76
526 _aP35
630 _aBiblia.
_pN.T.
_pMarcos
_xCrítica, interpretación, etc.
942 _2ddc
_cBOOK
949 _a226.3 C28
_wDEWEY
_c1
_i56999
_lCCODEBUL1
_mBUL
_p25.00
_r0
_sY
_tBOOK
_u2015-6-25
_xTEOLOGIA
_zUNKNOWN
_0COMPRA
_o.STAFF. Colección General
994 _aC0
_bPEPRU
596 _a1
999 _a226.3 C28
_wDEWEY
_c46132
_i56999
_d46132
_e2019-5-27
_f2021-11-9
_g5
_lCCODEBUL1
_mBUL
_n2
_p25.00
_q1
_r0
_sY
_tBOOK
_u2015-6-25
_xTEOLOGIA
_zUNKNOWN
_0COMPRA
_o.STAFF. Colección General
980 _81
_gALBERTO SANCHEZ Responsable de Automatización